KOHA-Header-6

Human Resource Management (Record no. 12005)

000 -LEADER
fixed length control field 00274nam a22001337a 4500
020 ## - INTERNATIONAL STANDARD BOOK NUMBER
ISBN 978-0471397854
082 ## - DEWEY DECIMAL CLASSIFICATION NUMBER
Classification number 658.3
100 ## - MAIN ENTRY--AUTHOR NAME
Personal name Decenzo, David A
245 ## - TITLE STATEMENT
Title Human Resource Management
250 ## - EDITION STATEMENT
Edition statement 7th
260 ## - PUBLICATION, DISTRIBUTION, ETC. (IMPRINT)
Name of publisher Wiley
Year of publication 2001
300 ## - PHYSICAL DESCRIPTION
Number of Pages 488p.
942 ## - ADDED ENTRY ELEMENTS (KOHA)
Koha item type Books
Holdings
Withdrawn status Lost status Permanent Location Current Location Date acquired Full call number Accession Number Koha item type
    MAJU MAJU 2019-04-02 658.3 4629 Books

Powered by Koha